000
00252 a2200085 4500
020
_a
9781685633059
100
_a
Dr. Adv. Harshul Savla and Ar. Pallavi Patil
245
_a
Facility Management : Indian & Global Best Practices
260
_b
Notion Press
_c
2021
999
_c
13614
_d
13614